000 00519cam a22002054a 4500
005 20250605164304.0
008 250528s ||||||||||||||||||||||||d
035 _a22189
020 _a9781305104969
040 _aGR-AtMCL
_bgre
_dGR-AtMCL
_eAACR2
245 1 _aAN INTRODUCTION TO DERIVATIVES AND RISK MANAGEMENT
250 _a10
260 _bCengage Learning,
_c2016
300 _a582
700 1 _aBrooks Robert
_98056
700 1 _aChance Don M
_97577
942 _cBK
999 _c7245
_d7245